[Event "European School-ch 2019"]
[Site "Mamaia"]
[Date "2019.06.03"]
[Round "4.45"]
[White "Babic, Masa"]
[Black "Zhapova, Yana"]
[Result "1/2-1/2"]
[WhiteElo "1715"]
[BlackElo "1804"]
[Annotator "NA"]
[PlyCount "104"]
[EventDate "2019.05.31"]
[EventType "swiss"]
[EventCountry "ROU"]
[SourceTitle "playchess.com"]
[Source "ChessBase"]
[SourceQuality "1"]
[TimeControl "40/5400+30:1800+30"]

1. Nf3 {[%emt 0:00:00]} d5 {[%emt 0:00:00]} 2. g3 {[%emt 0:00:00]} Nf6 {[%emt 0:00:01]} 3. Bg2 {[%emt 0:00:00]} c6 {[%emt 0:00:22]} 4. O-O {[%emt 0:00:00]} Bf5 {[%emt 0:00:55]} 5. d3 {[%emt 0:01:24]} h6 {[%emt 0:01:52]} 6. Nbd2 {[%emt 0:00:31]} e6 {[%emt 0:01:17]} 7. b3 {[%emt 0:00:25]} Be7 {[%emt 0:03:00]} 8. Bb2 {[%emt 0:00:26]} O-O {[%emt 0:00:52]} 9. c4 {[%emt 0:03:57]} Nbd7 {[%emt 0:01:53]} 10. Rc1 {[%emt 0:02:21]} a5 {[%emt 0:01:21]} 11. a3 {[%emt 0:04:47]} Qb6 {[%emt 0:07:23]} 12. Bd4 {[%emt 0:20:12]} Qc7 {[%emt 0:07:02]} 13. Nb1 {[%emt 0:05:18]} dxc4 {[%emt 0:10:06]} 14. Rxc4 {[%emt 0:03:43]} e5 {[%emt 0:00:51]} 15. Bb2 {[%emt 0:04:46]} Rad8 {[%emt 0:02:39]} 16. Qc1 {[%emt 0:02:22]} Be6 {[%emt 0:01:07]} 17. Rc3 {[%emt 0:03:37]} Nd5 {[%emt 0:06:42]} 18. Rc2 {[%emt 0:00:53]} f5 {[%emt 0:03:56]} 19. Nbd2 {[%emt 0:02:25]} Bf6 {[%emt 0:02:17]} 20. e4 {[%emt 0:05:20]} Ne7 {[%emt 0:02:21]} 21. Bh3 {[%emt 0:02:38]} Nb6 {[%emt 0:03:24]} 22. Rc3 {[%emt 0:05:54]} Qc8 {[%emt 0:03:30]} 23. Qc2 {[%emt 0:03:48]} f4 {[%emt 0:04:00]} 24. Bg2 {[%emt 0:03:22]} Ng6 {[%emt 0:02:39]} 25. Rc5 {[%emt 0:02:54]} Nd7 26. Rc3 {[%emt 0:01:42]} Nb6 {[%emt 0:08:59]} 27. b4 {[%emt 0:01:59]} axb4 {[%emt 0:01:55]} 28. axb4 {[%emt 0:00:07]} fxg3 {[%emt 0:00:12]} 29. hxg3 {[%emt 0:01:24]} Bh3 {[%emt 0:03:30]} 30. Nh2 {[%emt 0:05:17]} Be6 {[%emt 0:05:59]} 31. b5 {[%emt 0:00:33]} Ne7 32. Ba3 {[%emt 0:00:27]} Qd7 {[%emt 0:01:37]} 33. Bxe7 {[%emt 0:01:15]} Bxe7 {[%emt 0:00:17]} 34. bxc6 {[%emt 0:00:04]} bxc6 {[%emt 0:00:03]} 35. Rxc6 {[%emt 0:00:16]} Rc8 {[%emt 0:00:56]} 36. Rc1 {[%emt 0:01:50]} Rxc6 {[%emt 0:01:01]} 37. Qxc6 {[%emt 0:00:17]} Rc8 {[%emt 0:00:14]} 38. Qxb6 {[%emt 0:01:15]} Rxc1+ {[%emt 0:00:06]} 39. Bf1 {[%emt 0:00:33]} Kh7 {[%emt 0:02:52]} 40. Qb2 {[%emt 0:00:00]} Rc5 {[%emt 0:00:00]} 41. Nhf3 {[%emt 0:03:42]} Bf6 {[%emt 0:03:35]} 42. Qb4 {[%emt 0:01:42]} Rc7 {[%emt 0:01:12]} 43. Qb1 {[%emt 0:02:08]} Rb7 {[%emt 0:01:10]} 44. Qc2 {[%emt 0:00:53]} Qc7 {[%emt 0:00:29]} 45. Nc4 {[%emt 0:01:05]} Bxc4 {[%emt 0:04:13]} 46. dxc4 {[%emt 0:00:05]} Qc5 {[%emt 0:00:48]} 47. Nh2 {[%emt 0:02:58]} Qd4 {[%emt 0:00:55]} 48. Nf3 {[%emt 0:00:48]} Qc5 {[%emt 0:00:27]} 49. Nh2 {[%emt 0:00:15]} Bd8 {[%emt 0:00:45]} 50. Bh3 {[%emt 0:03:15]} Qd4 {[%emt 0:02:43]} 51. Nf3 {[%emt 0:00:25]} Qd6 {[%emt 0:05:22]} 52. c5 {[%emt 0:01:11]} Qf6 {[%emt 0:02:13]} 1/2-1/2

[Event "European School-ch 2019"]
[Site "Mamaia"]
[Date "2019.06.03"]
[Round "4.46"]
[White "Arora, Tashika"]
[Black "Babic, Milana"]
[Result "0-1"]
[WhiteElo "1471"]
[BlackElo "1677"]
[Annotator "NA"]
[PlyCount "150"]
[EventDate "2019.05.31"]
[EventType "swiss"]
[EventCountry "ROU"]
[SourceTitle "playchess.com"]
[Source "ChessBase"]
[SourceQuality "1"]
[TimeControl "40/5400+30:1800+30"]

1. d4 {[%emt 0:00:00]} Nf6 {[%emt 0:00:00]} 2. Nf3 {[%emt 0:00:00]} d6 {[%emt 0:00:00]} 3. Bf4 {[%emt 0:00:01]} g6 {[%emt 0:00:00]} 4. e3 {[%emt 0:00:30]} Bg7 {[%emt 0:00:00]} 5. Be2 {[%emt 0:00:23]} O-O {[%emt 0:00:14]} 6. O-O {[%emt 0:00:16]} Nbd7 {[%emt 0:00:25]} 7. c4 {[%emt 0:00:44]} c5 {[%emt 0:00:29]} 8. Nc3 {[%emt 0:00:20]} b6 {[%emt 0:02:44]} 9. Rc1 {[%emt 0:05:39]} Nh5 {[%emt 0:03:13]} 10. Bg5 {[%emt 0:00:59]} h6 {[%emt 0:00:29]} 11. Bh4 {[%emt 0:00:17]} Bb7 {[%emt 0:01:24]} 12. Nb5 {[%emt 0:06:56]} Bf6 {[%emt 0:04:32]} 13. Bxf6 {[%emt 0:00:48]} Nhxf6 {[%emt 0:05:02]} 14. Nc3 {[%emt 0:03:28]} Rc8 {[%emt 0:01:57]} 15. d5 {[%emt 0:01:04]} a6 {[%emt 0:07:18]} 16. b3 {[%emt 0:02:03]} Qc7 {[%emt 0:10:05]} 17. Qd2 {[%emt 0:03:37]} Kg7 {[%emt 0:04:51]} 18. e4 {[%emt 0:01:25]} Rfe8 {[%emt 0:01:54]} 19. Rfd1 {[%emt 0:00:59]} e6 {[%emt 0:00:38]} 20. Re1 {[%emt 0:01:15]} exd5 {[%emt 0:02:01]} 21. exd5 {[%emt 0:02:58]} Ne5 {[%emt 0:02:51]} 22. Bd1 {[%emt 0:12:40]} Nfd7 {[%emt 0:05:58]} 23. Nxe5 {[%emt 0:02:51]} Nxe5 {[%emt 0:04:51]} 24. f4 {[%emt 0:01:10]} Nd7 {[%emt 0:00:34]} 25. Bf3 {[%emt 0:00:35]} Nf6 {[%emt 0:02:08]} 26. Qb2 {[%emt 0:01:38]} Kg8 {[%emt 0:02:56]} 27. Qd2 {[%emt 0:08:41]} b5 {[%emt 0:12:54]} 28. cxb5 {[%emt 0:02:10]} axb5 {[%emt 0:00:02]} 29. Nxb5 {[%emt 0:00:20]} Qb6 {[%emt 0:00:04]} 30. Nc3 {[%emt 0:00:20]} c4+ {[%emt 0:00:42]} 31. Kh1 {[%emt 0:05:05]} Rxe1+ {[%emt 0:03:04]} 32. Qxe1 {[%emt 0:04:35]} cxb3 {[%emt 0:01:45]} 33. axb3 {[%emt 0:00:33]} Qxb3 {[%emt 0:02:38]} 34. Qd2 {[%emt 0:02:40]} Bxd5 {[%emt 0:05:35]} 35. Nxd5 {[%emt 0:02:45]} Rxc1+ {[%emt 0:00:07]} 36. Qxc1 {[%emt 0:00:08]} Nxd5 {[%emt 0:00:03]} 37. Bxd5 {[%emt 0:02:16]} Qxd5 {[%emt 0:00:03]} 38. h3 {[%emt 0:01:40]} Qf5 {[%emt 0:00:26]} 39. Qd2 {[%emt 0:02:11]} d5 {[%emt 0:00:39]} 40. Qe3 {[%emt 0:00:00]} Qe6 {[%emt 0:00:00]} 41. Qd4 {[%emt 0:05:02]} f5 {[%emt 0:01:16]} 42. Qa7 {[%emt 0:04:16]} Qe1+ {[%emt 0:02:21]} 43. Kh2 {[%emt 0:00:46]} Qe6 {[%emt 0:01:15]} 44. Qb8+ {[%emt 0:01:35]} Kg7 {[%emt 0:00:24]} 45. Qc7+ {[%emt 0:02:05]} Qf7 {[%emt 0:01:33]} 46. Qc3+ {[%emt 0:00:30]} Kh7 {[%emt 0:00:14]} 47. Qd4 {[%emt 0:00:54]} h5 {[%emt 0:00:15]} 48. Kg1 {[%emt 0:01:30]} h4 {[%emt 0:01:47]} 49. Kf2 {[%emt 0:03:43]} Qe6 {[%emt 0:01:47]} 50. Qa7+ {[%emt 0:00:54]} Kh6 {[%emt 0:00:18]} 51. Qb8 {[%emt 0:00:22]} Qf6 {[%emt 0:00:49]} 52. Qb4 {[%emt 0:02:58]} d4 {[%emt 0:00:56]} 53. Qd2 {[%emt 0:01:45]} Qb6 {[%emt 0:02:30]} 54. Qd3 {[%emt 0:04:37]} Qb2+ {[%emt 0:01:07]} 55. Qe2 {[%emt 0:00:32]} Qc3 {[%emt 0:11:48]} 56. Kf1 {[%emt 0:05:07]} Qc1+ {[%emt 0:00:24]} 57. Qe1 {[%emt 0:01:15]} Qxf4+ {[%emt 0:00:06]} 58. Qf2 {[%emt 0:00:12]} Kg5 {[%emt 0:00:23]} 59. Ke2 {[%emt 0:01:14]} Qxf2+ {[%emt 0:00:11]} 60. Kxf2 {[%emt 0:00:07]} Kf4 {[%emt 0:00:04]} 61. Ke2 {[%emt 0:00:10]} Kg3 {[%emt 0:00:13]} 62. Kd3 {[%emt 0:00:43]} Kxg2 {[%emt 0:00:05]} 63. Kxd4 {[%emt 0:00:06]} Kxh3 {[%emt 0:00:06]} 64. Ke3 {[%emt 0:00:11]} Kg3 {[%emt 0:00:05]} 65. Ke2 {[%emt 0:00:08]} h3 {[%emt 0:00:04]} 66. Ke3 {[%emt 0:00:04]} h2 {[%emt 0:00:05]} 67. Kd4 {[%emt 0:00:09]} h1=Q {[%emt 0:00:09]} 68. Kc5 {[%emt 0:00:18]} Qe4 {[%emt 0:00:10]} 69. Kd6 {[%emt 0:00:07]} Kf4 {[%emt 0:00:13]} 70. Kc5 {[%emt 0:00:08]} Ke5 {[%emt 0:00:10]} 71. Kb5 {[%emt 0:00:11]} Qc2 {[%emt 0:00:07]} 72. Kb4 {[%emt 0:00:07]} Kd5 {[%emt 0:00:08]} 73. Kb5 {[%emt 0:00:05]} Qb3+ {[%emt 0:00:06]} 74. Ka5 {[%emt 0:00:09]} Kc5 {[%emt 0:00:09]} 75. Ka6 {[%emt 0:00:03]} Qb6# {[%emt 0:00:07]} 0-1

[Event "European School-ch 2019"]
[Site "Mamaia"]
[Date "2019.06.03"]
[Round "4.47"]
[White "Rasheva, Nora"]
[Black "Petrenko, Maryna"]
[Result "1-0"]
[WhiteElo "1473"]
[BlackElo "1307"]
[Annotator "NA"]
[PlyCount "61"]
[EventDate "2019.05.31"]
[EventType "swiss"]
[EventCountry "ROU"]
[SourceTitle "playchess.com"]
[Source "ChessBase"]
[SourceQuality "1"]
[TimeControl "40/5400+30:1800+30"]

1. d4 {[%emt 0:00:00]} c5 {[%emt 0:00:00]} 2. d5 {[%emt 0:00:00]} e5 {[%emt 0:00:00]} 3. c4 {[%emt 0:00:00]} d6 {[%emt 0:00:01]} 4. Nc3 {[%emt 0:00:55]} f5 {[%emt 0:00:53]} 5. e4 {[%emt 0:01:36]} Nf6 {[%emt 0:00:29]} 6. Qc2 {[%emt 0:03:42]} g6 {[%emt 0:10:16]} 7. Bg5 {[%emt 0:15:08]} Bg7 {[%emt 0:03:44]} 8. g3 {[%emt 0:03:56]} Qa5 {[%emt 0:17:03]} 9. Bxf6 {[%emt 0:04:18]} Bxf6 {[%emt 0:00:11]} 10. Bh3 {[%emt 0:07:33]} Nd7 {[%emt 0:13:38]} 11. exf5 {[%emt 0:02:05]} gxf5 {[%emt 0:01:35]} 12. Bxf5 {[%emt 0:05:47]} Ke7 {[%emt 0:07:53]} 13. Qa4 {[%emt 0:06:43]} Qxa4 {[%emt 0:05:49]} 14. Nxa4 {[%emt 0:00:08]} e4 {[%emt 0:00:57]} 15. Bxd7 {[%emt 0:03:52]} Bxd7 {[%emt 0:00:33]} 16. Nc3 {[%emt 0:00:57]} Bxc3+ {[%emt 0:00:58]} 17. bxc3 {[%emt 0:00:05]} b5 {[%emt 0:02:18]} 18. Ne2 {[%emt 0:12:01]} bxc4 {[%emt 0:02:52]} 19. O-O {[%emt 0:01:24]} Bg4 {[%emt 0:01:04]} 20. Nf4 {[%emt 0:00:59]} Kd7 {[%emt 0:00:33]} 21. Rfe1 {[%emt 0:02:03]} Rhe8 {[%emt 0:00:46]} 22. Rab1 {[%emt 0:02:30]} Kc7 {[%emt 0:02:34]} 23. Ng2 {[%emt 0:00:38]} Re5 {[%emt 0:06:44]} 24. Ne3 {[%emt 0:01:03]} Bf3 {[%emt 0:00:10]} 25. Rb2 {[%emt 0:02:55]} Rg8 {[%emt 0:01:37]} 26. Reb1 {[%emt 0:01:29]} Ree8 {[%emt 0:03:28]} 27. Rb7+ {[%emt 0:00:53]} Kd8 {[%emt 0:00:20]} 28. Rxa7 {[%emt 0:00:47]} Kc8 {[%emt 0:00:30]} 29. Nxc4 {[%emt 0:00:33]} Ref8 {[%emt 0:00:47]} 30. Nxd6+ {[%emt 0:00:14]} Kd8 {[%emt 0:00:09]} 31. Rb8# {[%emt 0:00:08]} 1-0

[Event "European School-ch 2019"]
[Site "Mamaia"]
[Date "2019.06.03"]
[Round "4.48"]
[White "Andries, Alexia"]
[Black "Janouskova, Adela"]
[Result "1/2-1/2"]
[WhiteElo "1287"]
[BlackElo "1330"]
[Annotator "NA"]
[PlyCount "105"]
[EventDate "2019.05.31"]
[EventType "swiss"]
[EventCountry "ROU"]
[SourceTitle "playchess.com"]
[Source "ChessBase"]
[SourceQuality "1"]
[TimeControl "40/5400+30:1800+30"]

1. d4 {[%emt 0:00:00]} d5 {[%emt 0:00:00]} 2. c4 {[%emt 0:02:02]} e6 {[%emt 0:00:00]} 3. Nc3 {[%emt 0:00:37]} Nf6 {[%emt 0:00:06]} 4. Nf3 {[%emt 0:00:57]} Be7 {[%emt 0:00:51]} 5. e3 {[%emt 0:00:14]} O-O {[%emt 0:01:06]} 6. Bd3 {[%emt 0:01:23]} Nbd7 {[%emt 0:00:27]} 7. O-O {[%emt 0:00:24]} b6 {[%emt 0:00:58]} 8. e4 {[%emt 0:00:52]} Bb7 {[%emt 0:03:32]} 9. Re1 {[%emt 0:12:06]} dxc4 {[%emt 0:01:21]} 10. Bxc4 {[%emt 0:00:22]} c5 {[%emt 0:03:47]} 11. Bf4 {[%emt 0:06:21]} cxd4 {[%emt 0:03:28]} 12. Qxd4 {[%emt 0:01:58]} Ng4 {[%emt 0:18:04]} 13. Bg3 {[%emt 0:04:14]} Nc5 {[%emt 0:02:12]} 14. Rad1 {[%emt 0:09:48]} Qxd4 {[%emt 0:06:34]} 15. Nxd4 {[%emt 0:02:14]} Rac8 {[%emt 0:04:34]} 16. Bf1 {[%emt 0:13:03]} Nf6 {[%emt 0:00:50]} 17. f3 {[%emt 0:01:15]} Rfd8 {[%emt 0:02:56]} 18. Ndb5 {[%emt 0:05:43]} a6 {[%emt 0:04:24]} 19. Nd6 {[%emt 0:00:28]} Bxd6 {[%emt 0:00:58]} 20. Bxd6 {[%emt 0:00:10]} h6 {[%emt 0:02:57]} 21. h3 {[%emt 0:07:04]} Ne8 {[%emt 0:02:27]} 22. Bg3 {[%emt 0:01:51]} Nf6 {[%emt 0:01:12]} 23. Rxd8+ {[%emt 0:01:04]} Rxd8 {[%emt 0:00:16]} 24. Bc7 {[%emt 0:00:11]} Rd2 {[%emt 0:01:20]} 25. Bxb6 {[%emt 0:00:20]} Ncd7 {[%emt 0:00:37]} 26. Be3 {[%emt 0:01:09]} Rxb2 {[%emt 0:01:30]} 27. Re2 {[%emt 0:00:26]} Rxe2 {[%emt 0:03:56]} 28. Bxe2 {[%emt 0:00:19]} Kf8 {[%emt 0:00:28]} 29. Kf1 {[%emt 0:00:30]} Ke7 {[%emt 0:00:40]} 30. Ke1 {[%emt 0:01:31]} Kd6 {[%emt 0:00:48]} 31. g4 {[%emt 0:01:07]} Kc7 {[%emt 0:04:45]} 32. Na4 {[%emt 0:01:54]} Kc6 {[%emt 0:01:06]} 33. Kd2 {[%emt 0:00:27]} Kd6 {[%emt 0:04:06]} 34. Kd3 {[%emt 0:01:07]} Bc6 {[%emt 0:01:11]} 35. Nc3 {[%emt 0:00:17]} e5 {[%emt 0:03:12]} 36. Kc2 {[%emt 0:01:42]} Bb7 {[%emt 0:00:14]} 37. Kb3 {[%emt 0:01:44]} Nc5+ {[%emt 0:01:55]} 38. Kb4 {[%emt 0:00:15]} Nfd7 {[%emt 0:00:35]} 39. Na4 {[%emt 0:00:46]} Nxa4 {[%emt 0:01:29]} 40. Kxa4 {[%emt 0:00:00]} Nb8 {[%emt 0:00:00]} 41. Ka5 {[%emt 0:02:59]} Kc7 {[%emt 0:01:22]} 42. Kb4 {[%emt 0:01:50]} Nc6+ {[%emt 0:00:56]} 43. Kc3 {[%emt 0:03:30]} Kd6 {[%emt 0:00:36]} 44. Bc4 {[%emt 0:02:01]} f6 {[%emt 0:00:35]} 45. Bd5 {[%emt 0:00:50]} Nd8 {[%emt 0:00:38]} 46. Bxb7 {[%emt 0:00:54]} Nxb7 {[%emt 0:00:11]} 47. Kb4 {[%emt 0:00:08]} Kc6 {[%emt 0:01:22]} 48. a4 {[%emt 0:01:26]} Kd6 {[%emt 0:01:14]} 49. Bf2 {[%emt 0:02:21]} Kc6 {[%emt 0:01:03]} 50. Be3 {[%emt 0:01:38]} Kd6 {[%emt 0:00:41]} 51. Bf2 {[%emt 0:00:10]} Kc6 {[%emt 0:00:18]} 52. Be3 {[%emt 0:00:08]} Kd6 {[%emt 0:00:11]} 53. Bf2 1/2-1/2

[Event "European School-ch 2019"]
[Site "Mamaia"]
[Date "2019.06.03"]
[Round "4.49"]
[White "Karaivanova, Petya"]
[Black "Putinceva, Marina"]
[Result "1-0"]
[WhiteElo "1688"]
[BlackElo "1471"]
[Annotator "NA RC"]
[PlyCount "139"]
[EventDate "2019.05.31"]
[EventType "swiss"]
[EventCountry "ROU"]
[SourceTitle "playchess.com"]
[Source "ChessBase"]
[SourceQuality "1"]
[TimeControl "40/5400+30:1800+30"]

1. e4 {[%emt 0:00:00]} e5 {[%emt 0:00:00]} 2. Nf3 {[%emt 0:00:00]} Nc6 {[%emt 0:00:00]} 3. Bc4 {[%emt 0:00:00]} Bc5 {[%emt 0:00:03]} 4. O-O {[%emt 0:00:10]} Nf6 {[%emt 0:00:21]} 5. d3 {[%emt 0:00:13]} d6 {[%emt 0:00:26]} 6. c3 {[%emt 0:00:52]} Bg4 {[%emt 0:00:57]} 7. Re1 {[%emt 0:01:39]} Bb6 {[%emt 0:03:30]} 8. Nbd2 {[%emt 0:06:43]} Qd7 {[%emt 0:04:06]} 9. b4 {[%emt 0:05:55]} O-O {[%emt 0:05:40]} 10. Nf1 {[%emt 0:06:50]} Ne7 {[%emt 0:05:52]} 11. h3 {[%emt 0:00:41]} Be6 {[%emt 0:01:05]} 12. Bb3 {[%emt 0:04:21]} Ng6 {[%emt 0:03:27]} 13. Ng3 {[%emt 0:03:12]} Rfe8 {[%emt 0:12:05]} 14. d4 {[%emt 0:12:49]} Bxb3 {[%emt 0:02:15]} 15. Qxb3 {[%emt 0:01:40]} Red8 {[%emt 0:10:35]} 16. Bg5 {[%emt 0:02:16]} Ne7 {[%emt 0:07:57]} 17. Bxf6 {[%emt 0:01:47]} gxf6 {[%emt 0:00:04]} 18. Nh5 {[%emt 0:01:17]} Qe6 {[%emt 0:05:51]} 19. d5 {[%emt 0:00:41]} Qc8 {[%emt 0:00:24]} 20. Nxf6+ {[%emt 0:00:19]} Kg7 {[%emt 0:00:23]} 21. Nh5+ {[%emt 0:04:43]} Kh6 {[%emt 0:01:11]} 22. Ng3 {[%emt 0:08:52]} Rg8 {[%emt 0:01:07]} 23. Kf1 {[%emt 0:00:06]} f5 {[%emt 0:01:03]} 24. Nh4 {[%emt 0:07:57]} fxe4 {[%emt 0:05:02]} 25. Rxe4 {[%emt 0:02:28]} Qf8 {[%emt 0:02:36]} 26. Nf3 {[%emt 0:00:11]} Nf5 {[%emt 0:02:16]} 27. Nxf5+ {[%emt 0:02:03]} Qxf5 {[%emt 0:00:15]} 28. Qc2 {[%emt 0:03:10]} Raf8 {[%emt 0:02:50]} 29. Rh4+ {[%emt 0:05:33]} Kg7 {[%emt 0:01:09]} 30. Rg4+ {[%emt 0:06:30]} Kh8 {[%emt 0:00:24]} 31. Qxf5 {[%emt 0:01:16]} Rxf5 {[%emt 0:00:02]} 32. Re4 {[%emt 0:00:16]} Rgf8 {[%emt 0:02:26]} 33. Rae1 {[%emt 0:01:09]} Rf4 {[%emt 0:04:09]} 34. R1e2 {[%emt 0:01:48]} Kg7 {[%emt 0:01:43]} 35. Ke1 {[%emt 0:02:16]} R8f7 {[%emt 0:01:33]} 36. Rxf4 {[%emt 0:03:16]} Rxf4 {[%emt 0:00:31]} 37. Ng5 {[%emt 0:00:44]} Rc4 {[%emt 0:00:55]} 38. Ne4 {[%emt 0:00:18]} a5 {[%emt 0:01:11]} 39. a3 axb4 {[%emt 0:00:58]} 40. axb4 {[%emt 0:00:00]} Kg6 {[%emt 0:00:00]} 41. Kd2 {[%emt 0:06:09]} Ba7 {[%emt 0:05:04]} 42. Kd3 {[%emt 0:00:52]} b5 {[%emt 0:00:58]} 43. g3 {[%emt 0:02:10]} Kf5 {[%emt 0:06:05]} 44. Nd2 {[%emt 0:02:32]} e4+ {[%emt 0:00:43]} 45. Nxe4 {[%emt 0:02:39]} Rxe4 {[%emt 0:07:37]} 46. Rxe4 {[%emt 0:00:08]} Kf6 {[%emt 0:06:59]} 47. f4 {[%emt 0:01:22]} Bf2 {[%emt 0:00:25]} 48. g4 {[%emt 0:00:15]} Bg3 {[%emt 0:01:10]} 49. Ke2 {[%emt 0:01:06]} Bh4 {[%emt 0:00:47]} 50. Re6+ {[%emt 0:00:12]} Kg7 {[%emt 0:01:23]} 51. g5 {[%emt 0:00:28]} Bg3 {[%emt 0:00:37]} 52. Kf3 {[%emt 0:00:11]} Bh2 {[%emt 0:00:25]} 53. Re7+ {[%emt 0:00:15]} Kg8 {[%emt 0:06:12]} 54. Rxc7 {[%emt 0:00:42]} Bg1 {[%emt 0:00:48]} 55. Rd7 {[%emt 0:00:32]} Kh8 {[%emt 0:01:14]} 56. Rxd6 {[%emt 0:00:07]} Kg7 {[%emt 0:00:28]} 57. f5 {[%emt 0:00:25]} Bh2 {[%emt 0:00:09]} 58. Rd7+ {[%emt 0:00:04]} Kg8 {[%emt 0:00:08]} 59. Rb7 {[%emt 0:00:51]} Be5 {[%emt 0:00:35]} 60. Rxb5 {[%emt 0:00:36]} Bxc3 {[%emt 0:00:15]} 61. Rb7 {[%emt 0:00:30]} Be5 62. f6 {[%emt 0:00:15]} Bd6 {[%emt 0:00:25]} 63. b5 {[%emt 0:00:06]} Bc5 {[%emt 0:00:11]} 64. Ke4 {[%emt 0:00:15]} Bd6 {[%emt 0:00:19]} 65. Kf5 {[%emt 0:00:14]} h5 {[%emt 0:00:22]} 66. g6 {[%emt 0:00:18]} h4 {[%emt 0:00:25]} 67. Ke6 {[%emt 0:00:19]} Bf4 {[%emt 0:00:49]} 68. Ra7 {[%emt 0:00:14]} Kh8 {[%emt 0:01:00]} 69. Ra8+ {[%emt 0:00:10]} Bb8 {[%emt 0:00:13]} 70. Rxb8# {[%emt 0:00:04]} 1-0

[Event "European School-ch 2019"]
[Site "Mamaia"]
[Date "2019.06.03"]
[Round "4.50"]
[White "Shuqja, Klean"]
[Black "Aydin, Gulenay"]
[Result "0-1"]
[WhiteElo "1858"]
[BlackElo "1967"]
[Annotator "NA"]
[PlyCount "92"]
[EventDate "2019.05.31"]
[EventType "swiss"]
[EventCountry "ROU"]
[SourceTitle "playchess.com"]
[Source "ChessBase"]
[SourceQuality "1"]
[TimeControl "40/5400+30:1800+30"]

1. e4 {[%emt 0:00:00]} c5 {[%emt 0:00:00]} 2. Nf3 {[%emt 0:00:00]} d6 {[%emt 0:00:00]} 3. d4 {[%emt 0:00:00]} cxd4 {[%emt 0:00:00]} 4. Nxd4 {[%emt 0:00:00]} Nf6 {[%emt 0:00:00]} 5. Nc3 {[%emt 0:00:00]} g6 {[%emt 0:00:10]} 6. Be2 {[%emt 0:00:00]} Bg7 {[%emt 0:00:08]} 7. O-O {[%emt 0:00:00]} O-O {[%emt 0:00:13]} 8. Bg5 {[%emt 0:00:00]} Nc6 {[%emt 0:04:12]} 9. Nb3 {[%emt 0:00:00]} a6 {[%emt 0:07:18]} 10. f4 {[%emt 0:01:00]} b5 {[%emt 0:03:58]} 11. Bf3 {[%emt 0:01:19]} b4 {[%emt 0:06:19]} 12. Nd5 $15 {[%emt 0:10:15]} (12. Na4 $5 {[%cal Re4e5]} Qc7 13. c4 $11) 12... Nxd5 {[%emt 0:05:11]} 13. exd5 {[%emt 0:00:21]} Na5 {[%emt 0:04:55]} 14. Nxa5 {[%emt 0:08:52]} Qxa5 {[%emt 0:00:03]} 15. Kh1 {[%emt 0:07:00]} Re8 {[%emt 0:04:54]} 16. Qc1 {[%emt 0:06:34]} Bb7 {[%emt 0:05:11]} 17. a3 {[%emt 0:04:59]} b3 {[%emt 0:15:20]} 18. c4 {[%emt 0:12:13]} Rac8 {[%emt 0:04:29]} 19. Rb1 {[%emt 0:11:50]} Qa4 {[%emt 0:03:41]} 20. Bg4 {[%emt 0:20:48]} Rxc4 {[%emt 0:03:31]} 21. Bd7 {[%emt 0:00:38]} Rxc1 {[%emt 0:10:05]} 22. Bxa4 {[%emt 0:00:07]} Rxb1 {[%emt 0:03:42]} 23. Rxb1 {[%emt 0:00:11]} Rb8 {[%emt 0:00:25]} 24. Bxb3 {[%emt 0:04:49]} Bc8 {[%emt 0:03:10]} 25. Ba4 {[%emt 0:06:52]} Bf5 {[%emt 0:06:06]} 26. Re1 {[%emt 0:01:23]} Bxb2 {[%emt 0:01:08]} 27. Rxe7 {[%emt 0:03:23]} Bxa3 {[%emt 0:03:32]} 28. h3 {[%emt 0:00:23]} Kf8 {[%emt 0:02:41]} 29. Rc7 {[%emt 0:00:58]} Kg7 {[%emt 0:02:25]} 30. Rc6 {[%emt 0:00:33]} Be4 {[%emt 0:01:05]} 31. Be7 {[%emt 0:00:28]} Rb1+ {[%emt 0:00:50]} 32. Kh2 {[%emt 0:00:04]} Rb2 {[%emt 0:00:15]} 33. h4 {[%emt 0:00:57]} Bxg2 {[%emt 0:00:56]} 34. Kg3 {[%emt 0:00:18]} Bxd5 {[%emt 0:00:24]} 35. Rxa6 {[%emt 0:00:26]} Rg2+ {[%emt 0:00:29]} 36. Kh3 {[%emt 0:00:05]} Rd2 {[%emt 0:00:29]} 37. Bb5 {[%emt 0:01:05]} Bc5 {[%emt 0:00:29]} 38. Kg3 {[%emt 0:00:35]} Rg2+ {[%emt 0:00:32]} 39. Kh3 {[%emt 0:00:03]} Rb2 {[%emt 0:00:28]} 40. Bc6 {[%emt 0:00:00]} Be6+ {[%emt 0:00:00]} 41. Kg3 {[%emt 0:01:11]} h5 {[%emt 0:02:55]} 42. Ra8 {[%emt 0:17:18]} Bg4 {[%emt 0:03:20]} 43. f5 {[%emt 0:06:45]} Bf2+ {[%emt 0:02:13]} 44. Kf4 {[%emt 0:00:50]} Rb4+ {[%emt 0:00:38]} 45. Be4 {[%emt 0:01:31]} Bxf5 {[%emt 0:00:40]} 46. Bf8+ {[%emt 0:01:35]} Kf6 0-1